Füst Milán A feleségem története című regényének elemzése

Elmentve itt :
Bibliográfiai részletek
Szerző: Sebestyén Franciska
További közreműködők: Kovács Krisztina (Témavezető)
Cserjés Katalin (Témavezető)
Dokumentumtípus: Szakdolgozat
Megjelent: 2013
Tárgyszavak:
Online Access:http://diploma.bibl.u-szeged.hu/44281
LEADER 00653nta a2200181 i 4500
001 dipl44281
005 20140917132346.0
008 140917s2013 hu om 0|| zxx d
040 |a SZTE Diploma Repozitórium  |b hun 
041 |a zxx 
100 1 |a Sebestyén Franciska 
245 1 0 |a Füst Milán A feleségem története című regényének elemzése  |h [elektronikus dokumentum] /  |c Franciska Sebestyén 
260 |c 2013 
650 4 |a Bölcsészettudományok 
650 4 |a Humanities 
700 0 1 |a Kovács Krisztina  |e ths 
700 0 1 |a Cserjés Katalin  |e ths 
856 4 0 |u https://diploma.bibl.u-szeged.hu/id/eprint/44281/1/2013_sebestyen_franciska.pdf  |z Dokumentum-elérés